000 00584nam a22002177a 4500
003 OSt
005 20230424163111.0
008 230424b |||||||| |||| 00| 0 eng d
020 _a9789811307843
082 _222
_a573.7
_bP96E
100 _aPunekar, N. S.
245 _aENZYMES: Catalysis, Kinetics and Mechanisms
_cby N. S. Punekar
260 _aSingapore
_bSpringer Nature
_c2018
300 _axxiii, 562p.
_bHardback
653 _aEnzymes
653 _aEnzymology
653 _aMicrobiology
653 _aBiochemistry
653 _aBiomedical engineering
942 _2ddc
_cBK
999 _c26005
_d26005